000 00278nam a22001337a 4500
008 181016b xxu||||| |||| 00| 0 eng d
020 _a9780030746093
041 _aeng
080 _a541
100 _a12
101 _aKIM
245 _aChemistry
_cHurley./m
942 _2udc
_cBK
999 _c49929
_d49929